Macroeconomic Policy, Growth and Poverty Reduction /

Obra en que se revisan las relaciones entre crecimiento y desigualdad económicas. En particular, se estudian aquéllas que derivan de políticas macroeconómicas en que se creía que el ajuste estructural sería la solución para salvar los problemas económicos de los países en desarrollo.

Na minha lista:
Detalhes bibliográficos
Autor principal: McKinley, Terry (ed.)
Formato: Livro
Idioma:inglês
Publicado em: Hampshire, Inglaterra : Palgrave, 2001, c2001
Assuntos:
Tags: Adicionar Tag
Sem tags, seja o primeiro a adicionar uma tag!

MARC

LEADER 00000nam^a2200000^a^4500
001 000139525
005 20250521000000.0
009 20260310095508.169
020 |a 0-333-92897-0 
037 |a Acervo ITESO - Biblioteca 
041 |a ING 
082 |a 339. 509  |b MCK 
100 |a McKinley, Terry  |e (ed.) 
245 1 0 |a Macroeconomic Policy, Growth and Poverty Reduction /  |c Ed. e introd. de T. McKinley. 
264 4 |a Hampshire, Inglaterra :  |b Palgrave,  |c 2001, c2001 
300 |a VIII, 264 p. 
336 |a texto  |b txt  |2 rdacontenido 
337 |a sin mediación  |b n  |2 rdamedio 
338 |a volumen  |b nc  |2 rdasoporte 
520 |a Obra en que se revisan las relaciones entre crecimiento y desigualdad económicas. En particular, se estudian aquéllas que derivan de políticas macroeconómicas en que se creía que el ajuste estructural sería la solución para salvar los problemas económicos de los países en desarrollo. 
649 |a XX 
650 |a Pobreza 
650 |a Igualdad y Desigualdad 
650 |a Empleo y Desempleo 
650 |a Estado de Bienestar 
650 |a Desarrollo Económico-Social 
650 |a Desarrollo Económico-Social 
650 |a Problemas Sociales 
650 |a Política Social 
650 |a Política Económica 
650 |a Neoliberalismo 
650 |a Caribe, El -  |x Condiciones Económicas 
650 |a México -  |x Condiciones Económicas 
650 |a Costa Rica -  |x Condiciones Económicas 
650 |a Chile -  |x Condiciones Económicas 
650 |a Latinoamérica -  |x Condiciones Económicas 
650 |a Africa Subsahariana -  |x Condiciones Económicas 
650 |a Países Subdesarrollados -  |z Asia -  |x Condiciones Económicas 
650 |a Macroeconomía 
650 |a Economía 
910 |a Fondo General 
920 |a Impresos - Libros 
930 |a Colección General 
905 |a 101 
901 |a 0500067247  |b IT1  |c ACC  |u 20250521 
902 |a https://opac.biblio.iteso.mx/vufind/Record/000139525